Regulation in services OECD patterns and economic implications

Salvato in:
Dettagli Bibliografici
Autore principale: Nicoletti, Giuseppe
Natura: Libro
Lingua:inglese
Pubblicazione: Paris OECD-Economics Department 2001
Serie:Working Papers No. 287
Soggetti:
Tags: Aggiungi Tag
Nessun Tag, puoi essere il primo ad aggiungerne!!

MARC

LEADER 00000nam a2200000 4500
001 c125108
005 20221221091604.5
041 0 |a eng 
044 |a FR 
245 1 0 |a Regulation in services  |b OECD patterns and economic implications  |c by Giuseppe Nicoletti 
264 1 |a Paris  |b OECD-Economics Department  |c 2001 
300 |a 46 s. 
490 1 |a Working Papers  |v No. 287 
830 0 |a Working Papers  |v No. 287 
610 2 0 |a regulácia 
610 2 0 |a služby 
610 2 0 |a regulátory hospodárske 
610 2 0 |a priemysel 
610 2 0 |a konkurencia 
610 2 0 |a OECD 
100 1 |a Nicoletti, Giuseppe